[Event "Mallorca-chT"]
[Site "Palma de Mallorca"]
[Date "2002.04.20"]
[Round "10.3"]
[White "Aranos, Ricardo"]
[Black "Oliver Grammatico, Rafael"]
[Result "1-0"]
[WhiteElo "2155"]
[BlackElo "2030"]
[PlyCount "89"]
[EventDate "2002.??.??"]
[EventType "team"]
[EventRounds "10"]
[EventCountry "ESP"]
[SourceTitle "EXT 2003"]
[Source "ChessBase"]
[SourceDate "2002.11.25"]
[SourceVersion "1"]
[SourceVersionDate "2002.11.25"]
[SourceQuality "1"]

1. c4 c5 2. Nf3 Nf6 3. g3 g6 4. Bg2 Bg7 5. 0-0 0-0 6. Nc3 Nc6 7. d4 cxd4 8. Nxd4 Nxd4 9. Qxd4 d6 10. Qd3 Rb8 11. Be3 b6 12. Bd4 Bb7 13. e4 Nd7 14. Bxg7 Nc5 15. Qe3 Kxg7 16. Rfe1 f6 17. b4 Na6 18. a3 Nc7 19. f4 e6 20. Rad1 Qe7 21. e5 dxe5 22. Bxb7 Rxb7 23. fxe5 f5 24. Rd4 Rd8 25. Red1 Rxd4 26. Rxd4 Na6 27. Nb5 Nb8 28. Rd6 Nd7 29. Nd4 Nf8 30. Nc6 Qe8 31. Qg5 Nd7 32. Kg2 Nf8 33. Qf6+ Kg8 34. Nd4 Re7 35. Qh4 Rc7 36. Ne2 Qe7 37. Qd4 Kf7 38. c5 bxc5 39. bxc5 Nd7 40. c6 Nb6 41. Nf4 h5 42. Rxe6 Qxa3 43. Rf6+ Ke8 44. Nxg6 Rf7 45. Re6+ 1-0